Normal view
MARC view
- Vidales Delgado, Ismael,
Entry Nombre Personal
001 - NUMERO DE CONTROL
- campo de control: 29623
003 - IDENTIFICADOR DE NUMERO DE CONTROL
- campo de control: MX-MxUPN
005 - FECHA Y HORA DE LA ÜLTIMA TRANSACCIÓN
- campo de control: 20220328125642.0
008 - DATOS DE LONGITUD FIJA
- campo de control de longitud fija: nabaccnnaabn|||||||||| b |nc|||||d
035 ## - NUMERO DE CONTROL
- Número de control: UPN11000001729
040 ## - FUENTE DE CATALOGACIÓN
- Agencia original de catalogación: MX-MxUPN
- Lenguaje de catalogación: spa
- Agencia de transcripción: MX-MxUPN
100 1# - ENCABEZAMIENTO - NOMBRE PERSONAL
- Nombre personal: Vidales Delgado, Ismael,
- Fechas asociadas con el nombre: 1943-
400 1# - VEÁSE - NOMBRE DE PERSONA
- Personal name: Vidales, Ismael
670 ## - FUENTE EN LA QUE SE LOCALIZARON DATOS
- Cita de la fuente: Ciencias sociales, 1975:
- Información localizada: portada (Ismael Vidales Delgado)
670 ## - FUENTE EN LA QUE SE LOCALIZARON DATOS
- Cita de la fuente: Catálogo de tesis de posgrado de la Escuela de Ciencias de la Educación, 2006:
- Información localizada: portada (Ismael Vidales)
902 ## - CATALOGADOR
- Catalogador: DAA/230608
